000 00549nai a2200169Ia 4500
003 IN-BaIIA
008 211028c9999 xx s 000 0 eng d
022 _a2352-2143 (Online)
040 _cIIA Library
245 0 _aComputational Condensed Matter
_h[eJournal]
260 _aNew York
_bElsevier
310 _aQuarterly
362 _a1; 2014 - Present
521 _bSubscribed through National Knowledge Resource Consortium (NKRC)
856 _uhttps://www.sciencedirect.com/science/journal/23522143
_yClick Here to Access eJournal
942 _cEJ
999 _c34226
_d34226